Najdłuższe rzeki w każdym państwie Europy - Statystyki

Ogólne statystyki
  • Ten quiz został rozwiązany 148 razy
  • Średni wynik to 18 z 44
Statystyki odpowiedzi
Państwo długość (km) rzeka % Poprawnych
Polska 1047 Wisła
98%
Austria 350 Dunaj
94%
Bułgaria 686 Dunaj
94%
Niemcy 584 Dunaj
94%
Rumunia 1075 Dunaj
94%
Serbia 588 Dunaj
94%
Słowacja 165 Dunaj
94%
Węgry 417 Dunaj
94%
Białoruś 700 Dniepr
75%
Ukraina 1095 Dniepr
75%
Holandia 161 Ren
73%
Liechtenstein 27 Ren
73%
Szwajcaria 375 Ren
73%
Francja 1006 Loara
71%
Litwa 764 Niemen
59%
Włochy 652 Pad
58%
Hiszpania 862 Tag
57%
Portugalia 192 Tag
57%
Czechy 370 Łaba
55%
Mołdawia 398 Dniestr
54%
Łotwa 352 Dźwina
37%
Bośnia i Hercegowina 332 Sawa
32%
Chorwacja 562 Sawa
32%
Słowenia 219 Sawa
32%
Rosja 4102 Jenisej
30%
Kazachstan 1835 Irtysz
21%
Wielka Brytania 354 Severn
15%
Norwegia 621 Glomma
11%
Albania 285 Drin
6%
San Marino 8,7 San Marino
6%
Irlandia 361 Shannon
6%
Finlandia 550 Kemijoki
4%
Turcja 1355 Kizilirmak
4%
Grecja 297 Aliakmon
2%
Szwecja 520 Dalalven
2%
Dania 160 Gudena
2%
Islandia 230 Pjórsa
2%
Belgia 200 Skalda
2%
Luksemburg 170 Sure
2%
Czarnogóra 141 Tara
2%
Andora 35 Valira
2%
Estonia 162 Vohandu
2%
Kosowo 90 Sitnica
1%
Macedonia Połnocna 312 Warder
0%
Nie znaleziono quizów pasujących do podanych kryteriów
Rozkład punktacji
Procent ludzi z każdym wynikiem
Percentyl według liczby udzielonych odpowiedzi
Twoja historia wyników
Nie rozwiązałeś tego quizu